[Event "Oslo Kampen CC-ch"]
[Site "Oslo"]
[Date "2019.01.??"]
[Round "8"]
[White "Hageland, Harald"]
[Black "Hansen, Per Kristian"]
[Result "0-1"]
[WhiteElo "1701"]
[BlackElo "1779"]
[PlyCount "158"]
[EventDate "2019.01.10"]
[EventType "swiss"]
[EventRounds "9"]
[EventCountry "NOR"]
[SourceTitle "EXT 2024"]
[Source "ChessBase"]
[SourceDate "2023.10.10"]
[SourceVersion "1"]
[SourceVersionDate "2023.10.10"]
[SourceQuality "1"]

1. c4 d5 2. d4 Nc6 3. e3 Bf5 4. Nc3 e6 5. a3 Nf6 6. Bd3 Bxd3 7. Qxd3 Bd6 8. c5 Be7 9. Nge2 0-0 10. 0-0 e5 11. f3 Qd7 12. Ng3 b6 13. cxb6 cxb6 14. Bd2 exd4 15. exd4 Nxd4 16. Be3 Ne6 17. Bf2 Bc5 18. Rad1 Rfd8 19. b4 Bxf2+ 20. Rxf2 Rac8 21. Rfd2 Qc6 22. Nb5 Rd7 23. Nd4 Nxd4 24. Qxd4 Qc4 25. Ne2 Qxd4+ 26. Rxd4 Kf8 27. Kf2 Rc2 28. R1d2 Rxd2 29. Rxd2 Ke7 30. Nd4 g6 31. Re2+ Kd6 32. Rc2 Ne8 33. Nb5+ Ke7 34. Re2+ Kd8 35. Nd4 Nd6 36. Nc6+ Kc7 37. Rc2 Kb7 38. a4 a6 39. Ke2 Nc4 40. Nd4 Re7+ 41. Kf2 Kc7 42. Ne2 Kd6 43. Nd4 f5 44. g3 Rc7 45. Re2 Ne5 46. Rc2 Nd3+ 47. Ke3 Nxb4 48. Rxc7 Kxc7 49. Ne6+ Kd6 50. Nf8 Nc6 51. Nxh7 Ke7 52. Ng5 b5 53. axb5 axb5 54. Kd3 b4 55. f4 b3 56. Nf3 Kd6 57. Kc3 Kc5 58. h3 d4+ 59. Kxb3 Kd5 60. Nd2 Nd8 61. g4 Ne6 62. gxf5 gxf5 63. Kc2 Nxf4 64. h4 Ke5 65. Nc4+ Kf6 66. Nd2 Kg6 67. Nf3 Ne6 68. Kd3 Kh5 69. Kd2 Kg4 70. Ke2 d3+ 71. Kf2 Nc5 72. Nd4 f4 73. h5 Ne4+ 74. Ke1 Kxh5 75. Nf3 d2+ 76. Nxd2 Nxd2 77. Kxd2 Kg4 78. Ke1 Kg3 79. Kf1 Kf3 0-1

[Event "Oslo Kampen Autumn"]
[Site "Oslo"]
[Date "2018.??.??"]
[Round "3"]
[White "Hansen, Per Kristian"]
[Black "Kortner, Henrik"]
[Result "1-0"]
[WhiteElo "1779"]
[BlackElo "1890"]
[PlyCount "79"]
[EventDate "2018.08.27"]
[EventType "swiss"]
[EventRounds "7"]
[EventCountry "NOR"]
[SourceTitle "EXT 2024"]
[Source "ChessBase"]
[SourceDate "2023.10.10"]
[SourceVersion "1"]
[SourceVersionDate "2023.10.10"]
[SourceQuality "1"]

1. e4 c5 2. c3 Nc6 3. d4 cxd4 4. cxd4 d6 5. h3 Nf6 6. Nc3 g6 7. Nf3 Bg7 8. d5 Nb8 9. Qb3 a6 10. Be3 Nbd7 11. Bd3 0-0 12. Rc1 Kh8 13. 0-0 Nh5 14. Rc2 Ne5 15. Nxe5 Bxe5 16. f4 Bg7 17. Bb6 Qe8 18. Rf3 f5 19. exf5 Bxf5 20. Bxf5 Rxf5 21. Rcf2 Rf7 22. Ne4 Qb5 23. Ng5 Rff8 24. Ne6 Qxb3 25. Rxb3 Rf7 26. g4 Nf6 27. Bd4 Ne4 28. Nxg7 Nxf2 29. Ne6+ Kg8 30. Kxf2 h5 31. Rxb7 hxg4 32. hxg4 Rc8 33. Kg3 Rh7 34. Ng5 Rh1 35. Rxe7 Rd1 36. Ne6 Rc4 37. Re8+ Kf7 38. Rf8+ Ke7 39. Bf6+ Kd7 40. Rd8# 1-0

[Event "Oslo Kampen Autumn"]
[Site "Oslo"]
[Date "2018.??.??"]
[Round "4"]
[White "Linna, Lars"]
[Black "Hansen, Per Kristian"]
[Result "0-1"]
[WhiteElo "1688"]
[BlackElo "1779"]
[PlyCount "94"]
[EventDate "2018.08.27"]
[EventType "swiss"]
[EventRounds "7"]
[EventCountry "NOR"]
[SourceTitle "EXT 2024"]
[Source "ChessBase"]
[SourceDate "2023.10.10"]
[SourceVersion "1"]
[SourceVersionDate "2023.10.10"]
[SourceQuality "1"]

1. e4 e5 2. Nf3 Nc6 3. Bc4 Be7 4. d4 exd4 5. Nxd4 Nf6 6. Nc3 0-0 7. 0-0 a6 8. Bf4 b5 9. Bd5 Bb7 10. Re1 Rb8 11. e5 Nxd4 12. Bxb7 Rxb7 13. Qxd4 Ne8 14. Rad1 c6 15. Ne4 Qc8 16. Nc5 Bxc5 17. Qxc5 Nc7 18. Bg3 f6 19. Qe3 f5 20. f4 Nd5 21. Qd3 Qe8 22. c4 bxc4 23. Qxc4 Rxb2 24. Qxa6 Qe6 25. Rb1 Rfb8 26. Rxb2 Rxb2 27. a3 h6 28. Qc4 Kf7 29. Qc1 Rb3 30. Bf2 Rc3 31. Qb2 Rc4 32. g3 Nc3 33. Qd2 Ne4 34. Qb2 Qd5 35. Qe2 Nxf2 36. Kxf2 Rd4 37. Kg1 Rd2 38. Qh5+ g6 39. Qh3 Qc5+ 40. Kh1 Qxa3 41. Qf1 Qa2 42. Qh3 Qd5+ 43. Kg1 h5 44. Qf1 Qd4+ 45. Kh1 Qb2 46. e6+ dxe6 47. Qh3 c5 0-1